000 00427nam a2200169Ia 4500
003 GCL
008 140319s9999 xx 000 0 ara d
040 _aGCL /
_cGCL
082 0 4 _a001.5
_bع ا
245 1 0 _aالاعلام العلمى الجماهيرى
300 _a196 ص
490 _a
650 0 4 _aالصحافة المصرية
650 0 4 _aالاعلام
650 0 4 _aوسائل الاعلام
942 _2ddc
_cBK
999 _c38002
_d38002